Languages by Text - Statistics

General Stats
  • This quiz has been taken 52 times
  • The average score is 9 of 10
Answer Stats
Text Language % Correct
JetPunk 是一个在线问答和测验网站。该网站提供各种主题的测验,例如地理、历史、科学、文学、音乐和数学。 Chinese(Simplified)
100%
JetPunk is an online trivia and quizzing website. The service offers a variety of quizzes in different topics, such as geography, history, science, literature, music, and mathematics. English
100%
JetPunk est un site web de jeux-questionnaires et de quiz en ligne. Le service propose une variété de quiz sur différents sujets, tels que la géographie, l'histoire, les sciences, la littérature, la musique et les mathématiques. French
100%
JetPunk es un sitio web de preguntas y respuestas y concursos en línea. El servicio ofrece una variedad de cuestionarios sobre diferentes temas, como geografía, historia, ciencia, literatura, música y matemáticas. Spanish
100%
JetPunkはオンラインのトリビアおよびクイズウェブサイトです。このサービスは、地理、歴史、科学、文学、音楽、数学など、さまざまなトピックに関する多様なクイズを提供しています。 Japanese
98%
JetPunk — это онлайн-сайт с викторинами и тестами на различные темы. Сервис предлагает множество викторин по таким темам, как география, история, наука, литература, музыка и математика. Russian
98%
جيت بانك هو موقع إلكتروني متخصص في الألعاب والمعلومات العامة والاختبارات. يقدم الموقع مجموعة متنوعة من الاختبارات في مواضيع مختلفة، مثل الجغرافيا والتاريخ والعلوم والأدب والموسيقى والرياضيات. Arabic
91%
JetPunk는 온라인 퀴즈 및 상식 웹사이트입니다. 이 서비스는 지리, 역사, 과학, 문학, 음악, 수학 등 다양한 주제에 대한 여러 가지 퀴즈를 제공합니다. Korean
89%
O JetPunk é um site online de curiosidades e questionários. O serviço disponibiliza uma variedade de questionários sobre diversos temas, como geografia, história, ciências, literatura, música e matemática. Portuguese(Portugal)
89%
Ang JetPunk ay isang online na trivia at quizzing website. Nag-aalok ang serbisyo ng iba't ibang mga pagsusulit sa iba't ibang paksa, tulad ng heograpiya, kasaysayan, agham, panitikan, musika, at matematika. Filipino
67%
No matching quizzes found
Score Distribution
Percent of People with Each Score
Percentile by Number Answered
Your Score History
You have not taken this quiz